[Event "Alekhine or Alejkin? "]
[Site "SchemingMind.com"]
[Date "2011.04.28"]
[Round "-"]
[White "Olli Ylönen"]
[Black "cnile"]
[Result "1-0"]
[WhiteCountry "FIN"]
[BlackCountry "SCO"]
[WhiteElo "1669"]
[WhiteRD "50"]
[BlackElo "1450"]
[BlackRD "57"]
[GameID "282039"]

1. e4 Nf6 2. e5 Nd5 3. Nc3 Nxc3 4. bxc3 Nc6 5. d4 d6 6. f4 dxe5 7. fxe5 e6 8. Bd3 Be7 9. Nf3 O-O 10. O-O a6
11. Bb2 Bd7 12. c4 Re8 13. a3 h6 14. d5 exd5 15. cxd5 Bc5+ 16. Kh1 Nb8 17. c4 Bg4 18. h3 Bh5 19. g4 Bg6 20. Bxg6 fxg6
21. e6 Qd6 22. Ne5 b5 23. cxb5 axb5 24. Nxg6 Ra4 25. Be5 Qxe5 26. Nxe5 Rxa3 27. Rxa3 Bxa3 28. Rf7
1-0

[Event "Alekhine or Alejkin? "]
[Site "SchemingMind.com"]
[Date "2011.04.28"]
[Round "-"]
[White "cnile"]
[Black "Olli Ylönen"]
[Result "0-1"]
[WhiteCountry "SCO"]
[BlackCountry "FIN"]
[WhiteElo "1441"]
[WhiteRD "59"]
[BlackElo "1691"]
[BlackRD "53"]
[GameID "282040"]

1. e4 Nf6 2. e5 Nd5 3. d4 d6 4. exd6 cxd6 5. Nf3 g6 6. c4 Nb6 7. Nc3 Bg7 8. Be3 O-O 9. Be2 Nc6 10. O-O Bg4
11. h3 Bxf3 12. Bxf3 Nxc4 13. Qe2 Nxe3 14. Qxe3 Nxd4 15. Rab1 Nc6 16. Rfe1 Bxc3 17. Qxc3 Rc8 18. Rbc1 e5 19. Qe3 d5 20. a3 e4
21. Be2 f5 22. Red1 d4 23. Qh6 d3 24. f3 Nd4 25. Bxd3 Rxc1 26. Rxc1 exd3 27. Kh1 Nb3 28. Rc3 d2 29. Rc7 d1=Q+ 30. Kh2 Q8d6+
31. g3 Qxc7
0-1

[Event "Alekhine or Alejkin? "]
[Site "SchemingMind.com"]
[Date "2011.04.30"]
[Round "-"]
[White "DI DARIO"]
[Black "cnile"]
[Result "0-1"]
[WhiteCountry "INT"]
[BlackCountry "SCO"]
[WhiteElo "1517"]
[WhiteRD "52"]
[BlackElo "1450"]
[BlackRD "57"]
[GameID "282409"]

1. e4 Nf6 2. Nc3 e5 3. d4 Bb4 4. dxe5 Nxe4 5. Qd4 Bxc3+ 6. bxc3 d5 7. Bd3 O-O 8. Bxe4 dxe4 9. Qxe4 Nc6 10. Nf3 Be6
0-1

[Event "Alekhine or Alejkin? "]
[Site "SchemingMind.com"]
[Date "2011.04.30"]
[Round "-"]
[White "DI DARIO"]
[Black "Olli Ylönen"]
[Result "0-1"]
[WhiteCountry "INT"]
[BlackCountry "FIN"]
[WhiteElo "1482"]
[WhiteRD "58"]
[BlackElo "1691"]
[BlackRD "53"]
[GameID "282410"]

1. e4 Nf6 2. Nc3 d5 3. e5 Nfd7 4. d4 e6 5. Bb5 c5 6. Nf3 a6 7. Bxd7+ Bxd7 8. O-O Nc6 9. Re1 cxd4 10. Nxd4 Nxd4
11. Qxd4 Rc8 12. a3 Rc4 13. Qa7 Bc5 14. Qxb7 Qh4 15. Be3 Ke7 16. Bxc5+ Rxc5 17. Qb6 Rhc8 18. Qxa6 Qc4 19. Qxc4 Rxc4
0-1

[Event "Alekhine or Alejkin? "]
[Site "SchemingMind.com"]
[Date "2011.04.30"]
[Round "-"]
[White "Olli Ylönen"]
[Black "DI DARIO"]
[Result "1-0"]
[WhiteCountry "FIN"]
[BlackCountry "INT"]
[WhiteElo "1669"]
[WhiteRD "50"]
[BlackElo "1517"]
[BlackRD "52"]
[GameID "282412"]

1. e4 Nf6 2. e5 Nd5 3. Nc3 Nxc3 4. bxc3 d6 5. f4 dxe5 6. fxe5 Qd5 7. d4 h5 8. Qf3 Qxf3 9. Nxf3 Bf5 10. Bd3 Bg4
11. Be4 Bxf3 12. Bxf3 c6 13. d5 e6 14. c4 Bc5 15. Rb1 a5 16. Rxb7 g6 17. dxc6
1-0

[Event "Alekhine or Alejkin? "]
[Site "SchemingMind.com"]
[Date "2011.05.06"]
[Round "-"]
[White "Shanks"]
[Black "cnile"]
[Result "0-1"]
[WhiteCountry "ENG"]
[BlackCountry "SCO"]
[WhiteElo "1471"]
[WhiteRD "66"]
[BlackElo "1448"]
[BlackRD "61"]
[GameID "282890"]

1. e4 Nf6 2. e5 Nd5 3. c4 Nb6 4. c5 Nd5 5. d4 c6 6. Nf3 d6 7. cxd6 exd6 8. Bc4 dxe5 9. Nxe5 Be6 10. Be2 Bd6
11. Nf3 Nd7 12. a3 O-O 13. O-O N7f6 14. h3 Qd7 15. Ne5 Qc7 16. f4 Ne4 17. Rf3 Rae8 18. Nc3 Ndxc3 19. bxc3 f6 20. Bb2 fxe5
21. fxe5 Be7 22. Rxf8+ Rxf8 23. Bg4 Bxg4 24. hxg4 Qd7 25. Qb3+ Kh8 26. Qd1 Ng5 27. Qe2 Qd5 28. Rf1 Rxf1+ 29. Kxf1 Ne4 30. Qe1 Qf7+
31. Ke2 Qf4 32. Kd1 Nf2+ 33. Kc2 Nxg4 34. Kb1 Qf2 35. Qc1 Qxg2 36. c4 Qe4+ 37. Ka2 Qe2 38. c5 Ne3 39. e6 Bf6 40. a4 Qc4+
41. Qxc4 Nxc4 42. Bc3 Ne3 43. Kb3 Nd5 44. Bb2 h5 45. Kc2 h4 46. Bc1 h3 47. a5 h2 48. e7 Bxe7
0-1

[Event "Alekhine or Alejkin? "]
[Site "SchemingMind.com"]
[Date "2011.05.06"]
[Round "-"]
[White "Shanks"]
[Black "Olli Ylönen"]
[Result "0-1"]
[WhiteCountry "ENG"]
[BlackCountry "FIN"]
[WhiteElo "1445"]
[WhiteRD "65"]
[BlackElo "1734"]
[BlackRD "51"]
[GameID "282891"]

1. e4 Nf6 2. Nc3 e5 3. Nf3 Nc6 4. a3 Bc5 5. h3 O-O 6. d3 a6 7. Be2 h6 8. O-O d6 9. Na4 Ba7 10. b3 b5
11. Nc3 Nd4 12. Nxd4 Bxd4 13. Bb2 Be6 14. b4 c5 15. bxc5 dxc5 16. Qc1 b4 17. axb4 cxb4 18. Na4 Bxb2 19. Nxb2 a5 20. Na4 Bd7
21. Nc5 Qc8 22. Nxd7 Qxd7 23. Kh1 Rfc8 24. Qd2 Qd6 25. f3 a4 26. Rac1 b3 27. cxb3 axb3 28. Rxc8+ Rxc8 29. Kh2 Rb8 30. Rb1 Qa3
31. h4 b2 32. Kh3 Nh5 33. Kg4 Nf4 34. Bf1 Ne6 35. Kf5 Nd4+ 36. Kg4 Qa1 37. Rxa1 bxa1=Q 38. Qf2 Rb1 39. h5 Rxf1 40. Qxf1 Qxf1
41. g3 Qxf3+ 42. Kh3 Ne2 43. Kh2 Qxg3+ 44. Kh1 Qg1#
0-1

[Event "Alekhine or Alejkin? "]
[Site "SchemingMind.com"]
[Date "2011.05.04"]
[Round "-"]
[White "cnile"]
[Black "Shanks"]
[Result "0-1"]
[WhiteCountry "SCO"]
[BlackCountry "ENG"]
[WhiteElo "1441"]
[WhiteRD "59"]
[BlackElo "1458"]
[BlackRD "65"]
[GameID "282894"]

1. e4 Nf6 2. e5 Nd5 3. d4 e6 4. c4 Nb6 5. Nf3 h6 6. Nc3 c6 7. Bd3 Be7 8. Be3 a6 9. O-O O-O 10. a3 d6
11. exd6 Bxd6 12. c5 Nd5 13. Qd2 Nxe3 14. Qxe3 Be7 15. Ne4 Nd7 16. Nd6 Bxd6 17. cxd6 Nf6 18. Ne5 Qxd6 19. Rfd1 Nd5 20. Rac1 Nxe3
0-1

[Event "Alekhine or Alejkin? "]
[Site "SchemingMind.com"]
[Date "2011.05.05"]
[Round "-"]
[White "Olli Ylönen"]
[Black "Shanks"]
[Result "1-0"]
[WhiteCountry "FIN"]
[BlackCountry "ENG"]
[WhiteElo "1734"]
[WhiteRD "51"]
[BlackElo "1445"]
[BlackRD "65"]
[GameID "282895"]

1. e4 Nf6 2. e5 Nd5 3. Nc3 Nxc3 4. bxc3 e6 5. d4 Nc6 6. Bd3 h6 7. f4 Ne7 8. Nf3 Nd5 9. c4 Ne7 10. O-O c6
11. Ba3 g6 12. c3 Bg7 13. g4 a5 14. h4 h5 15. g5 b6 16. Be4 Rb8 17. d5 cxd5 18. cxd5 exd5 19. Bxd5 Nxd5 20. Qxd5 Bb7
21. Qd3 Bf8 22. Bxf8 Kxf8 23. Rad1 Bc6 24. f5 gxf5 25. Qxf5 Qe7 26. Nd4 Ba4 27. Rd2 Rc8 28. e6 dxe6 29. Nxe6+ Ke8 30. Ng7+ Kf8
31. Qxc8+ Kxg7 32. Qf5 Qe3+ 33. Qf2 Qxf2+ 34. Rdxf2 Be8 35. Rb1 b5 36. Rf5 Bd7 37. Rd5 Kg6 38. Rxd7 f6 39. gxf6 Kxf6 40. Rxb5 Rg8+
41. Rg5 Rxg5+ 42. hxg5+ Kxg5 43. c4 h4 44. c5 a4 45. c6 Kg4 46. c7 h3 47. c8=Q Kf3 48. Qc3+ Kg4 49. Rd4+ Kg5 50. Qc5+ Kg6
51. Rd6+ Kg7 52. Qc7+
1-0

[Event "Alekhine or Alejkin? "]
[Site "SchemingMind.com"]
[Date "2011.05.01"]
[Round "-"]
[White "DI DARIO"]
[Black "Shanks"]
[Result "0-1"]
[WhiteCountry "INT"]
[BlackCountry "ENG"]
[WhiteElo "1517"]
[WhiteRD "52"]
[BlackElo "1488"]
[BlackRD "68"]
[GameID "282896"]

1. e4 Nf6 2. e5 Nd5 3. Bc4 Nb6 4. Bb3 e6 5. d4 Nc6 6. a3 g6 7. Nf3 Bg7 8. Bg5 Ne7 9. Nc3 O-O 10. Ne4 Qe8
11. Bf6 Nf5
0-1

[Event "Alekhine or Alejkin? "]
[Site "SchemingMind.com"]
[Date "2011.05.03"]
[Round "-"]
[White "lennart"]
[Black "cnile"]
[Result "1-0"]
[WhiteCountry "SWE"]
[BlackCountry "SCO"]
[WhiteElo "1516"]
[WhiteRD "54"]
[BlackElo "1442"]
[BlackRD "58"]
[GameID "282898"]

1. e4 Nf6 2. e5 Nd5 3. d4 d6 4. Nf3 Bg4 5. Be2 Nd7 6. O-O c5 7. c3 cxd4 8. Qxd4 Bxf3 9. Bxf3 e6 10. Bxd5 exd5
11. exd6 Bxd6 12. Re1+ Be7 13. Qxg7 Rf8 14. Qxh7 Qb6 15. b3 O-O-O 16. Rxe7 Nf6 17. Qf5+ Kb8 18. Bf4+ Ka8 19. Bc7
1-0

[Event "Alekhine or Alejkin? "]
[Site "SchemingMind.com"]
[Date "2011.05.03"]
[Round "-"]
[White "lennart"]
[Black "Shanks"]
[Result "1-0"]
[WhiteCountry "SWE"]
[BlackCountry "ENG"]
[WhiteElo "1526"]
[WhiteRD "56"]
[BlackElo "1458"]
[BlackRD "65"]
[GameID "282899"]

1. e4 Nf6 2. d3 e5 3. Nf3 d6 4. Nc3 h6 5. d4 Nbd7 6. d5 a6 7. Bc4 Nb6 8. Bb3 Be7 9. O-O O-O 10. Ne1 Nbd7
11. Bc4 b5 12. Bb3 Nc5 13. a4 Nxb3 14. cxb3 b4 15. Ne2 a5 16. Be3 Nxe4 17. f3 Nf6 18. Ng3 Bb7 19. Nf5 Nxd5 20. Nxe7+ Qxe7
21. Bf2 Nf6 22. Bh4 c5 23. Kh1 Ba6 24. Rf2 g5 25. Bg3 Nh5 26. Kg1 Nxg3 27. hxg3 Bb7 28. g4 d5 29. Rc1 Rac8 30. Qe2 Qf6
31. Qb5 Qa6 32. Qd7 d4 33. Qf5 Qe6 34. Qxe6 fxe6 35. Rc4 Rfe8 36. Nd3 e4 37. fxe4 Bxe4 38. Ne5 d3 39. Rxe4 Rf8= 40. Rxf8+ Rxf8
41. Nxd3 Kg7 42. Rxe6 Rf6 43. Nxc5 Rxe6 44. Nxe6+ Kg6 45. Nd4 h5 46. gxh5+ Kxh5 47. Nc6 g4 48. Nxa5 Kg5 49. Nc4 g3 50. a5 Kf4
51. a6 Ke4 52. a7 Kd3 53. a8=Q
1-0

[Event "Alekhine or Alejkin? "]
[Site "SchemingMind.com"]
[Date "2011.05.03"]
[Round "-"]
[White "lennart"]
[Black "Olli Ylönen"]
[Result "1-0"]
[WhiteCountry "SWE"]
[BlackCountry "FIN"]
[WhiteElo "1516"]
[WhiteRD "54"]
[BlackElo "1642"]
[BlackRD "51"]
[GameID "282900"]

1. e4 Nf6 2. d3 e5 3. Nf3 Nc6 4. Be2 d5 5. O-O dxe4 6. dxe4 Qxd1 7. Rxd1 Nxe4 8. Bc4 Bc5 9. Be3 Bxe3 10. fxe3 Nb4
11. Na3 Nc6 12. c3 O-O 13. Nb5 Bg4 14. Nxc7 Bxf3 15. gxf3 Rac8 16. Nb5 Na5 17. Be2 Nf6 18. Nxa7 Rcd8 19. b4 Nc6 20. Nxc6 bxc6
21. a4 Nd5 22. Rac1 Nxe3 23. Rxd8 Rxd8 24. Kf2 Nd5 25. a5 Ra8 26. Ke1 f6 27. Kd2 Kf8 28. Kd3 Nf4+ 29. Ke3 Nxe2 30. Kxe2 Ke7
31. Kd3 Kd7 32. Kc4 Kc7 33. Rd1 Rd8 34. Rxd8 Kxd8 35. Kc5 Kc7 36. c4 f5 37. b5 cxb5 38. cxb5 e4 39. fxe4 fxe4 40. b6+ Kb7
41. Kb5 e3 42. a6+ Kb8 43. Kc6 e2 44. a7+
1-0

[Event "Alekhine or Alejkin? "]
[Site "SchemingMind.com"]
[Date "2011.05.02"]
[Round "-"]
[White "lennart"]
[Black "DI DARIO"]
[Result "0-1"]
[WhiteCountry "SWE"]
[BlackCountry "INT"]
[WhiteElo "1516"]
[WhiteRD "54"]
[BlackElo "1632"]
[BlackRD "55"]
[GameID "282901"]

1. e4 Nf6 2. d3 e5 3. Nf3 Nc6 4. Be2 Bc5 5. c3 h6 6. b4 Bd6 7. O-O a6 8. a4 Ne7 9. Ba3 b5 10. a5 Bb7
11. Nbd2 Ng6 12. c4 bxc4 13. Nxc4 O-O 14. Nxd6 cxd6 15. b5 Qe7 16. b6 Qe6 17. Qa4 Rfc8 18. Nd2 Nf4 19. Bf3 Nxd3 20. Bd1 Nc5
21. Bxc5 dxc5 22. Bb3 d5 23. f3 c4 24. exd5 Bxd5 25. b7 Bxb7 26. Nxc4 Bd5 27. Rac1 Rab8 28. Rc3 Rxb3 29. Rxb3 Rxc4 30. Rb8+ Kh7
31. Qa1 Rc6 32. Qb1+ g6 33. Qb4 Nd7 34. Rd8 Rc4 35. Qd2 Rd4 36. Qe3 Bb7 37. h3 Qe7
0-1

[Event "Alekhine or Alejkin? "]
[Site "SchemingMind.com"]
[Date "2011.05.04"]
[Round "-"]
[White "cnile"]
[Black "lennart"]
[Result "0-1"]
[WhiteCountry "SCO"]
[BlackCountry "SWE"]
[WhiteElo "1450"]
[WhiteRD "57"]
[BlackElo "1541"]
[BlackRD "55"]
[GameID "282903"]

1. e4 Nf6 2. e5 Nd5 3. d4 e6 4. c4 Ne7 5. Nf3 Nf5 6. Bd3 Be7 7. O-O O-O 8. Nc3 Bb4 9. Ne4 d6 10. Be3 Nxe3
11. fxe3 dxe5 12. dxe5 h6 13. Qb3 Ba5 14. c5 Nc6 15. Rac1 Nb4 16. a3 Qxd3 17. Qxd3 Nxd3 18. Rcd1 Nxb2 19. Rb1 Na4 20. Nd4 b6
21. Rfc1 Ba6 22. Nc6 Bd3 23. Kf2 Kh8 24. cxb6 axb6 25. Rb3 Bxe4 26. Nxa5 Rxa5 27. Rxc7 Rxe5 28. Rb4 Rf5+ 29. Ke2 Nc5 30. Rxb6 Bd3+
31. Kd2 Rf2+
0-1

[Event "Alekhine or Alejkin? "]
[Site "SchemingMind.com"]
[Date "2011.05.06"]
[Round "-"]
[White "Shanks"]
[Black "lennart"]
[Result "0-1"]
[WhiteCountry "ENG"]
[BlackCountry "SWE"]
[WhiteElo "1458"]
[WhiteRD "65"]
[BlackElo "1526"]
[BlackRD "56"]
[GameID "282904"]

1. e4 Nf6 2. e5 Nd5 3. c4 Nb4 4. a3 N4c6 5. d4 e6 6. Nf3 f6 7. exf6 Qxf6 8. Bg5 Qf5 9. Bd3 Qf7 10. Ne5 Nxe5
11. dxe5 Nc6 12. Qe2 d6 13. exd6 Bxd6 14. Be3 e5 15. Nc3 Be6 16. Nb5 Qd7 17. Nxd6+ Qxd6 18. c5 Qd5 19. O-O Qb3 20. a4 Qb4
21. Rfc1 O-O-O 22. Bb5 Nd4 23. Bxd4 Qxd4 24. b4 Qxb4 25. Qxe5 Bd5 26. Qxg7 Rhg8 27. Qd7+ Rxd7 28. Bxd7+ Kxd7 29. f3 Bxf3 30. Kf2 Bxg2
31. Rd1+ Kc6 32. Rdc1 Qf4+ 33. Ke2 Re8+ 34. Kd1 Qd4+ 35. Kc2 Re2+ 36. Kb3 Bd5+ 37. Ka3 Qb2#
0-1

[Event "Alekhine or Alejkin? "]
[Site "SchemingMind.com"]
[Date "2011.05.04"]
[Round "-"]
[White "Olli Ylönen"]
[Black "lennart"]
[Result "0-1"]
[WhiteCountry "FIN"]
[BlackCountry "SWE"]
[WhiteElo "1642"]
[WhiteRD "51"]
[BlackElo "1516"]
[BlackRD "54"]
[GameID "282905"]

1. e4 Nf6 2. e5 Nd5 3. Nc3 c6 4. Bc4 Nb6 5. Bb3 e6 6. Nf3 Bc5 7. d4 Be7 8. O-O O-O 9. a3 d6 10. Na4 Nd5
11. c4 Nb6 12. Nxb6 Qxb6 13. Ba2 Nd7 14. Bb1 f6 15. Qd3 g6 16. exf6 Nxf6 17. Re1 d5 18. cxd5 cxd5 19. Bh6 Rd8 20. Ne5 Bf8
21. Bxf8 Rxf8 22. Nxg6 Rf7 23. Ne5 Rg7 24. b4 a6 25. Re3 Bd7 26. Nxd7 Nxd7 27. Rg3 Nf6 28. Rxg7+ Kxg7 29. Bc2 Rg8 30. Re1 Kf7
31. Qf3 Qd8 32. Bxh7 Rg7 33. Bd3 b5 34. g3 Qb6 35. Qf4 Rg4 36. Qe5 Rxd4 37. Bf1 Ne4 38. h4 Rd2 39. Qf4+ Ke8 40. Re2 Rd3
41. Rxe4 dxe4 42. Bxd3 exd3 43. Qd2 Qd4 44. h5 e5 45. Kf1 e4 46. h6 Kd7 47. g4 Qd5 48. h7 e3
0-1

[Event "Alekhine or Alejkin? "]
[Site "SchemingMind.com"]
[Date "2011.05.02"]
[Round "-"]
[White "DI DARIO"]
[Black "lennart"]
[Result "0-1"]
[WhiteCountry "INT"]
[BlackCountry "SWE"]
[WhiteElo "1632"]
[WhiteRD "55"]
[BlackElo "1516"]
[BlackRD "54"]
[GameID "282906"]

1. e4 Nf6 2. e5 Nd5 3. Bc4 Nb4 4. a3 N4c6 5. d4 e6 6. Nf3 d6 7. O-O dxe5 8. dxe5 Qxd1 9. Rxd1 Be7 10. Bb5 O-O
11. Bxc6 bxc6 12. c4 Na6 13. b4 Bb7 14. Rd7 Bd8 15. c5 Nb8 16. Rd4 f6 17. exf6 Bxf6 18. Bf4 Bxd4 19. Nxd4 Rxf4 20. Nxe6 Re4
21. Nxc7 Re1#
0-1